| 000 | 00715nam a2200229 i 4500 | ||
|---|---|---|---|
| 001 | bg | ||
| 100 | 1 | _aOLSZEWSKI, Dariusz W. | |
| 245 | 1 | 0 |
_aPodstawy analizy finansowej przedsiębiorstwa / _cDariusz W. Olszewski. |
| 260 |
_aWarszawa : _b"Olympus" Centrum Edukacji i Rozwoju Biznesu, _c1993. |
||
| 300 |
_a118 s., [1] k. tabl. złoż. ; _c21 cm. |
||
| 490 | 1 | _aPrzewodnik Finansowo-Bankowy | |
| 504 | _aBibliogr. s. 114-[116]. | ||
| 650 | 9 |
_aPrzedsiębiorstwo _xfinanse _xbadanie _xmetody |
|
| 830 | _aPrzewodnik Finansowo-Bankowy | ||
| 020 | _a8386069007 | ||
| 040 | _cBPK | ||
| 041 | 0 | _apol | |
| 080 | _a658.14/.17 | ||
| 920 | _a83-86069-00-7 | ||
| 942 | _cKS | ||
| 008 | s pl f |000 0 pol | ||
| 999 |
_c5739 _d5739 |
||
| 856 |
_uhttp://koha.tu.koszalin.pl/cgi-bin/koha/opac-detail.pl?biblionumber=5739 _yKatalog online BPK |
||